<?xml version="1.0" encoding="UTF-8"?>
<record
    xmlns:xsi="http://www.w3.org/2001/XMLSchema-instance"
    xsi:schemaLocation="http://www.loc.gov/MARC21/slim http://www.loc.gov/standards/marcxml/schema/MARC21slim.xsd"
    xmlns="http://www.loc.gov/MARC21/slim">

  <leader>01887nas a2200277Ia 4500</leader>
  <controlfield tag="001">R050-S3118</controlfield>
  <controlfield tag="003">IT-CnALBA</controlfield>
  <controlfield tag="008">170116c99999999xx ||||||||||||   ||und||</controlfield>
  <datafield tag="040" ind1=" " ind2=" ">
    <subfield code="a">IT-CnALBA</subfield>
    <subfield code="c">IT-CnALBA</subfield>
  </datafield>
  <datafield tag="041" ind1=" " ind2=" ">
    <subfield code="a">ITALIANO</subfield>
  </datafield>
  <datafield tag="100" ind1=" " ind2=" ">
    <subfield code="a">TAGGI MAX, SJ.</subfield>
  </datafield>
  <datafield tag="210" ind1=" " ind2=" ">
    <subfield code="a">IL MESSAGGIO DEL CUORE DI GES&#xD9;</subfield>
  </datafield>
  <datafield tag="222" ind1=" " ind2=" ">
    <subfield code="a">IL MESSAGGIO DEL CUORE DI GES&#xD9;</subfield>
  </datafield>
  <datafield tag="245" ind1=" " ind2="0">
    <subfield code="a">IL MESSAGGIO DEL CUORE DI GES&#xD9;. APRILE 1999. PASQUA. </subfield>
    <subfield code="b"> ORGANO UFFICIALE DELL'APOSTOLATO DELLA PREGHIERA</subfield>
  </datafield>
  <datafield tag="250" ind1=" " ind2=" ">
    <subfield code="a">1a ed.</subfield>
  </datafield>
  <datafield tag="260" ind1=" " ind2=" ">
    <subfield code="a">TORINO - ROMA</subfield>
    <subfield code="b">APOSTOLATO DELLA PREGHIERA</subfield>
    <subfield code="c">1999 [1&#xB0; Ed.:1999 - Ed.Ling.Originale: 1999]</subfield>
  </datafield>
  <datafield tag="300" ind1=" " ind2=" ">
    <subfield code="a">60 p. </subfield>
  </datafield>
  <datafield tag="310" ind1=" " ind2=" ">
    <subfield code="a">MENSILE</subfield>
  </datafield>
  <datafield tag="362" ind1=" " ind2=" ">
    <subfield code="a">Fascicolo: 4 / Anno: 22 (1999)</subfield>
  </datafield>
  <datafield tag="500" ind1=" " ind2=" ">
    <subfield code="a">CENTENARIO IMPORTANTE. AMORE DI DIO PER L'AFRICA, FEDERL&#xC8; P. INTENZIONI DI APRILE, ANDARE INCONTRO ALL'ALTRO. DONO NELLA GIOIA, STANCATI T. LETTURE DELLE DOMENICHE E FESTE, DE SANTIS L. PREGHIERA GIORNO DOPO GIORNO, LESSI A. EUCARISTIA MIRACOLO D'AMORE, OROPALLO L. NOTIZIE ADP. SUSSIDI PASTORALI, CONSACRAZIONI DICHIARATIVE E COSTITUTIVE, DE FINANCE J. OCCHIO LUCERNA DEL CORPO, CORPOREIT&#xC0; GES&#xD9;. MOSCHIERI G. FORMAZIONE, CONSAPEVOLEZZA DEL MOMENTO PRESENTE, BISI M. RECENSIONE. </subfield>
  </datafield>
  <datafield tag="501" ind1=" " ind2=" ">
    <subfield code="a">Societ&#xE0; San Paolo EM - Piazza San Paolo, 14 - 12051 ALBA (CN)  (non commercial uses only) &#xAE; Copyright 2017</subfield>
  </datafield>
  <datafield tag="520" ind1=" " ind2=" ">
    <subfield code="a">CENTENARIO IMPORTANTE. AMORE DI DIO PER L'AFRICA, FEDERL&#xC8; P. INTENZIONI DI APRILE, ANDARE INCONTRO ALL'ALTRO. DONO NELLA GIOIA, STANCATI T. LETTURE DELLE DOMENICHE E FESTE, DE SANTIS L. PREGHIERA GIORNO DOPO GIORNO, LESSI A. EUCARISTIA MIRACOLO D'AMORE, OROPALLO L. NOTIZIE ADP. SUSSIDI PASTORALI, CONSACRAZIONI DICHIARATIVE E COSTITUTIVE, DE FINANCE J. OCCHIO LUCERNA DEL CORPO, CORPOREIT&#xC0; GES&#xD9;. MOSCHIERI G. FORMAZIONE, CONSAPEVOLEZZA DEL MOMENTO PRESENTE, BISI M. RECENSIONE. </subfield>
  </datafield>
  <datafield tag="650" ind1=" " ind2=" ">
    <subfield code="a">VITA E MISTERO DI CRISTO</subfield>
  </datafield>
  <datafield tag="942" ind1=" " ind2=" ">
    <subfield code="c">CR</subfield>
  </datafield>
  <datafield tag="957" ind1=" " ind2=" ">
    <subfield code="7">1</subfield>
  </datafield>
  <datafield tag="999" ind1=" " ind2=" ">
    <subfield code="a">65008</subfield>
    <subfield code="b">NO</subfield>
    <subfield code="g">1</subfield>
    <subfield code="c">331704</subfield>
    <subfield code="d">331704</subfield>
  </datafield>
  <datafield tag="952" ind1=" " ind2=" ">
    <subfield code="0">0</subfield>
    <subfield code="1">0</subfield>
    <subfield code="4">0</subfield>
    <subfield code="6">R_050S3118</subfield>
    <subfield code="7">1</subfield>
    <subfield code="a">ALBA</subfield>
    <subfield code="b">ALBA</subfield>
    <subfield code="d">2017-01-16</subfield>
    <subfield code="l">0</subfield>
    <subfield code="o">R050-S3118</subfield>
    <subfield code="r">2017-01-16 00:00:00</subfield>
    <subfield code="w">2017-01-16</subfield>
    <subfield code="y">CR</subfield>
    <subfield code="z">(data import: 16 gennaio 2017) - By Epidotti, Vaglietti. </subfield>
  </datafield>
</record>
